Statistiques concernant Les villes du Japon ayant été des capitales impériales

Cliquez ici pour prendre le quiz!

Statistiques générales

  • Ce quiz a été pris 46 fois
    (11 depuis la dernière actualisation)
  • Le résultat moyen est 5 sur 15

Réponses sur la Carte

Les réponses sont colorées sur une échelle allant du rouge au vert en fonction du pourcentage des utilisateurs qui les ont devinées à leur premier essai. Vous pouvez retrouver ces pourcentages ci-dessous.
 

Statistiques - réponses

Années en tant que capitalePréfecture actuelleVille% Correct
156TōkyōTōkyō
100%
1074KyōtoKyōto
89%
138ŌsakaŌsaka
78%
73NaraNara
67%
148NaraAsuka
11%
4ŌsakaHirakata
11%
22NaraKashihara
11%
6NaraKōryō
11%
7KyōtoKyōtanabe
11%
4ŌsakaMatsubara
11%
18KyōtoNagaoka-Kyō
11%
5ShigaŌtsu
11%
56NaraSakurai
11%
10NaraTenri
11%
56NaraYoshino
11%

Distribution des résultats

Percentile par nombre de réponses

% des personnes avec chaque résultat

Votre développement - résultats

Vous n’avez pas pris ce quiz depuis la dernière actualisation